000 01655nam a2200301Ia 4500
999 _c51399
_d51399
001 18384
003 GE_BSU
005 20211129101910.0
008 181216s2014||||g |||||||||||||| ||geo||
020 _a9789941108303
040 _cGE_BSU
041 _ageo
080 _a347.44(075.8) ს-36
245 _aსახელშეკრულებო სამართალი :
_bსახელმძღვ. სამართლის სკოლებისთვის /
_c[ავტ.: ზურაბ ძლიერიშვილი, გიორგი ცერცვაძე, ირაკლი რობაქიძე [და სხვ.]] ; რედ. გიორგი ჯუღელი.
264 _aთბილისი :
_bმერიდიანი,
_c2014.
300 _a760 გვ.;
_b24 სმ.
504 _aბიბლიოგრ. ტექსტის შენიშვნებში
541 _h28ლ.
653 _aსახელშეკრულებო სამართალი
700 _aძლიერიშვილი, ზურაბ
_eავტორი
_98152
700 _aცერცვაძე, გიორგი
_eავტორი
_9448
700 _aრობაქიძე, ირაკლი
_eავტორი
_913087
700 _aსვანაძე, გიორგი
_eავტორი
_913088
700 _aცერცვაძე, ლაშა
_eავტორი
_99307
700 _aჯანაშია, ლევან
_eავტორი
_913089
700 _aჯუღელი, გიორგი
_eრედაქტორი
_913090
942 _cBK
_2udc